|
|
|
|
| LEADER |
08609nam a22005897a 4500 |
| 001 |
44125 |
| 003 |
BD-DhAAL |
| 005 |
20250219132946.0 |
| 008 |
250219t2022 sz a b 001 0 eng d |
| 020 |
|
|
|a 9783030343712
|
| 020 |
|
|
|a 9783030343729
|
| 022 |
|
|
|a 18680941
|
| 040 |
|
|
|a BD-DhAAL
|c BD-DhAAL
|
| 082 |
0 |
4 |
|a 006.37
|2 22
|
| 100 |
1 |
|
|a Szeliski, Richard,
|d 1958-
|9 25576
|
| 245 |
1 |
0 |
|a Computer vision :
|b algorithms and applications /
|c Richard Szeliski.
|
| 246 |
|
|
|a Computer vision
|
| 250 |
|
|
|a Second edition.
|
| 260 |
|
|
|a Switzerland :
|b Springer,
|c 2022.
|
| 300 |
|
|
|a xxii, 925 pages :
|b illustrations (some color) ;
|c 29 cm
|
| 490 |
1 |
|
|a Texts in computer science
|
| 504 |
|
|
|a Includes bibliographical references (pages 769-903) and index.
|
| 526 |
|
|
|a CSE
|x Dr. Md. Ashraful Alam,
Associate Professor
Department of Computer Science
Course Name and No. : Computer Vision : Fundamentals and Applications 7XX : Advanced Computer Vision (CSE 463)
|
| 541 |
|
|
|a Karim International
|e 44125, 44126, 44127, 44128, 44129, 44130, 44131, 44132, 44133, 44134, 44135, 44136, 44137, 44138, 44139, 44140, 44141, 44142, 44143, 44144
|
| 650 |
|
0 |
|a Computer vision.
|9 25577
|
| 650 |
|
0 |
|a Image processing.
|9 25578
|
| 650 |
|
0 |
|a Computer algorithms.
|9 25579
|
| 650 |
0 |
7 |
|a Computer science.
|9 42433
|
| 830 |
|
0 |
|a Texts in computer science.
|9 25582
|
| 852 |
|
|
|a Ayesha Abed Library
|c General Stacks
|
| 942 |
|
|
|2 ddc
|c BK
|
| 999 |
|
|
|c 47220
|d 47220
|
| 952 |
|
|
|0 0
|1 0
|2 ddc
|4 0
|6 006_370000000000000_SZE
|7 0
|9 77383
|a BRACUL
|b BRACUL
|c GEN
|d 2025-02-18
|e Karim International
|g 7400.00
|l 2
|m 31
|o 006.37 SZE
|p 3010044134
|r 2026-05-17
|s 2025-11-18
|t 10
|v 7400.00
|w 2025-02-18
|y BK
|x Requisitioned by Dr. Md. Ashraful Alam for the course named- "Computer Vision : Fundamentals and Applications 7XX : Advanced Computer Vision (CSE 463)".
|
| 952 |
|
|
|0 0
|1 0
|2 ddc
|4 0
|6 006_370000000000000_SZE
|7 0
|9 77384
|a BRACUL
|b BRACUL
|c GEN
|d 2025-02-18
|e Karim International
|g 7400.00
|l 0
|o 006.37 SZE
|p 3010044128
|r 2025-02-18
|t 4
|v 7400.00
|w 2025-02-18
|y BK
|x Requisitioned by Dr. Md. Ashraful Alam for the course named- "Computer Vision : Fundamentals and Applications 7XX : Advanced Computer Vision (CSE 463)".
|
| 952 |
|
|
|0 0
|1 0
|2 ddc
|4 0
|6 006_370000000000000_SZE
|7 0
|9 77385
|a BRACUL
|b BRACUL
|c GEN
|d 2025-02-18
|e Karim International
|g 7400.00
|l 1
|m 12
|o 006.37 SZE
|p 3010044135
|q 2026-05-21
|r 2026-01-05
|s 2026-01-05
|t 11
|v 7400.00
|w 2025-02-18
|y BK
|x Requisitioned by Dr. Md. Ashraful Alam for the course named- "Computer Vision : Fundamentals and Applications 7XX : Advanced Computer Vision (CSE 463)".
|
| 952 |
|
|
|0 0
|1 0
|2 ddc
|4 0
|6 006_370000000000000_SZE
|7 0
|9 77386
|a BRACUL
|b BRACUL
|c GEN
|d 2025-02-18
|e Karim International
|g 7400.00
|l 0
|o 006.37 SZE
|p 3010044130
|r 2025-02-18
|t 6
|v 7400.00
|w 2025-02-18
|y BK
|x Requisitioned by Dr. Md. Ashraful Alam for the course named- "Computer Vision : Fundamentals and Applications 7XX : Advanced Computer Vision (CSE 463)".
|
| 952 |
|
|
|0 0
|1 0
|2 ddc
|4 0
|6 006_370000000000000_SZE
|7 0
|9 77387
|a BRACUL
|b BRACUL
|c GEN
|d 2025-02-18
|e Karim International
|g 7400.00
|l 1
|o 006.37 SZE
|p 3010044127
|q 2026-09-08
|r 2026-05-11
|s 2026-05-11
|t 3
|v 7400.00
|w 2025-02-18
|y BK
|x Requisitioned by Dr. Md. Ashraful Alam for the course named- "Computer Vision : Fundamentals and Applications 7XX : Advanced Computer Vision (CSE 463)".
|
| 952 |
|
|
|0 0
|1 0
|2 ddc
|4 0
|6 006_370000000000000_SZE
|7 0
|9 77388
|a BRACUL
|b BRACUL
|c GEN
|d 2025-02-18
|e Karim International
|g 7400.00
|l 1
|m 1
|o 006.37 SZE
|p 3010044140
|r 2025-04-24
|s 2025-04-09
|t 16
|v 7400.00
|w 2025-02-18
|y BK
|x Requisitioned by Dr. Md. Ashraful Alam for the course named- "Computer Vision : Fundamentals and Applications 7XX : Advanced Computer Vision (CSE 463)".
|
| 952 |
|
|
|0 0
|1 0
|2 ddc
|4 0
|6 006_370000000000000_SZE
|7 0
|9 77389
|a BRACUL
|b BRACUL
|c GEN
|d 2025-02-18
|e Karim International
|g 7400.00
|l 0
|o 006.37 SZE
|p 3010044144
|r 2025-02-18
|t 20
|v 7400.00
|w 2025-02-18
|y BK
|x Requisitioned by Dr. Md. Ashraful Alam for the course named- "Computer Vision : Fundamentals and Applications 7XX : Advanced Computer Vision (CSE 463)".
|
| 952 |
|
|
|0 0
|1 0
|2 ddc
|4 0
|6 006_370000000000000_SZE
|7 0
|9 77390
|a BRACUL
|b BRACUL
|c GEN
|d 2025-02-18
|e Karim International
|g 7400.00
|l 0
|o 006.37 SZE
|p 3010044138
|r 2025-02-18
|t 14
|v 7400.00
|w 2025-02-18
|y BK
|x Requisitioned by Dr. Md. Ashraful Alam for the course named- "Computer Vision : Fundamentals and Applications 7XX : Advanced Computer Vision (CSE 463)".
|
| 952 |
|
|
|0 0
|1 0
|2 ddc
|4 0
|6 006_370000000000000_SZE
|7 0
|9 77391
|a BRACUL
|b BRACUL
|c GEN
|d 2025-02-18
|e Karim International
|g 7400.00
|l 0
|o 006.37 SZE
|p 3010044137
|r 2025-02-18
|t 13
|v 7400.00
|w 2025-02-18
|y BK
|x Requisitioned by Dr. Md. Ashraful Alam for the course named- "Computer Vision : Fundamentals and Applications 7XX : Advanced Computer Vision (CSE 463)".
|
| 952 |
|
|
|0 0
|1 0
|2 ddc
|4 0
|6 006_370000000000000_SZE
|7 0
|9 77392
|a BRACUL
|b BRACUL
|c GEN
|d 2025-02-18
|e Karim International
|g 7400.00
|l 1
|m 2
|o 006.37 SZE
|p 3010044142
|r 2025-11-06
|s 2025-10-12
|t 18
|v 7400.00
|w 2025-02-18
|y BK
|x Requisitioned by Dr. Md. Ashraful Alam for the course named- "Computer Vision : Fundamentals and Applications 7XX : Advanced Computer Vision (CSE 463)"
|
| 952 |
|
|
|0 0
|1 0
|2 ddc
|4 0
|6 006_370000000000000_SZE
|7 0
|9 77393
|a BRACUL
|b BRACUL
|c CIR
|d 2025-02-18
|e Karim International
|g 7400.00
|l 0
|o 006.37 SZE
|p 3010044125
|r 2025-02-18
|t 1
|v 7400.00
|w 2025-02-18
|y 1HOUR
|x Requisitioned by Dr. Md. Ashraful Alam for the course named- "Computer Vision : Fundamentals and Applications 7XX : Advanced Computer Vision (CSE 463)".
|
| 952 |
|
|
|0 0
|1 0
|2 ddc
|4 0
|6 006_370000000000000_SZE
|7 0
|9 77394
|a BRACUL
|b BRACUL
|c GEN
|d 2025-02-18
|e Karim International
|g 7400.00
|l 0
|o 006.37 SZE
|p 3010044133
|r 2025-02-18
|t 9
|v 7400.00
|w 2025-02-18
|y BK
|x Requisitioned by Dr. Md. Ashraful Alam for the course named- "Computer Vision : Fundamentals and Applications 7XX : Advanced Computer Vision (CSE 463)".
|
| 952 |
|
|
|0 0
|1 0
|2 ddc
|4 0
|6 006_370000000000000_SZE
|7 0
|9 77395
|a BRACUL
|b BRACUL
|c GEN
|d 2025-02-18
|e Karim International
|g 7400.00
|l 0
|o 006.37 SZE
|p 3010044132
|r 2025-02-18
|t 8
|v 7400.00
|w 2025-02-18
|y BK
|x Requisitioned by Dr. Md. Ashraful Alam for the course named- "Computer Vision : Fundamentals and Applications 7XX : Advanced Computer Vision (CSE 463)".
|
| 952 |
|
|
|0 0
|1 0
|2 ddc
|4 0
|6 006_370000000000000_SZE
|7 0
|9 77396
|a BRACUL
|b BRACUL
|c GEN
|d 2025-02-18
|e Karim International
|g 7400.00
|l 0
|o 006.37 SZE
|p 3010044131
|r 2025-02-18
|t 7
|v 7400.00
|w 2025-02-18
|y BK
|x Requisitioned by Dr. Md. Ashraful Alam for the course named- "Computer Vision : Fundamentals and Applications 7XX : Advanced Computer Vision (CSE 463)".
|
| 952 |
|
|
|0 0
|1 0
|2 ddc
|4 0
|6 006_370000000000000_SZE
|7 0
|9 77397
|a BRACUL
|b BRACUL
|c GEN
|d 2025-02-18
|e Karim International
|g 7400.00
|l 1
|m 6
|o 006.37 SZE
|p 3010044139
|r 2025-12-24
|s 2025-11-18
|t 15
|v 7400.00
|w 2025-02-18
|y BK
|x Requisitioned by Dr. Md. Ashraful Alam for the course named- "Computer Vision : Fundamentals and Applications 7XX : Advanced Computer Vision (CSE 463)".
|
| 952 |
|
|
|0 0
|1 0
|2 ddc
|4 0
|6 006_370000000000000_SZE
|7 0
|9 77398
|a BRACUL
|b BRACUL
|c GEN
|d 2025-02-18
|e Karim International
|g 7400.00
|l 2
|m 8
|o 006.37 SZE
|p 3010044141
|r 2026-01-08
|s 2026-01-08
|t 17
|v 7400.00
|w 2025-02-18
|y BK
|x Requisitioned by Dr. Md. Ashraful Alam for the course named- "Computer Vision : Fundamentals and Applications 7XX : Advanced Computer Vision (CSE 463)".
|
| 952 |
|
|
|0 0
|1 0
|2 ddc
|4 0
|6 006_370000000000000_SZE
|7 0
|9 77399
|a BRACUL
|b BRACUL
|c GEN
|d 2025-02-18
|e Karim International
|g 7400.00
|l 1
|m 1
|o 006.37 SZE
|p 3010044143
|q 2025-10-21
|r 2025-03-10
|s 2025-03-10
|t 19
|v 7400.00
|w 2025-02-18
|y BK
|x Requisitioned by Dr. Md. Ashraful Alam for the course named- "Computer Vision : Fundamentals and Applications 7XX : Advanced Computer Vision (CSE 463)".
|
| 952 |
|
|
|0 0
|1 0
|2 ddc
|4 0
|6 006_370000000000000_SZE
|7 0
|9 77400
|a BRACUL
|b BRACUL
|c GEN
|d 2025-02-18
|e Karim International
|g 7400.00
|l 1
|m 1
|o 006.37 SZE
|p 3010044129
|q 2025-10-21
|r 2025-02-23
|s 2025-02-23
|t 5
|v 7400.00
|w 2025-02-18
|y BK
|x Requisitioned by Dr. Md. Ashraful Alam for the course named- "Computer Vision : Fundamentals and Applications 7XX : Advanced Computer Vision (CSE 463)".
|
| 952 |
|
|
|0 0
|1 0
|2 ddc
|4 0
|6 006_370000000000000_SZE
|7 0
|9 77401
|a BRACUL
|b BRACUL
|c GEN
|d 2025-02-18
|e Karim International
|g 7400.00
|l 1
|m 1
|o 006.37 SZE
|p 3010044136
|r 2025-08-04
|s 2025-02-23
|t 12
|v 7400.00
|w 2025-02-18
|y BK
|x Requisitioned by Dr. Md. Ashraful Alam for the course named- "Computer Vision : Fundamentals and Applications 7XX : Advanced Computer Vision (CSE 463)".
|
| 952 |
|
|
|0 0
|1 0
|2 ddc
|4 0
|6 006_370000000000000_SZE
|7 0
|9 77402
|a BRACUL
|b BRACUL
|c CIR
|d 2025-02-18
|e Karim International
|g 7400.00
|l 0
|o 006.37 SZE
|p 3010044126
|r 2025-02-18
|t 2
|v 7400.00
|w 2025-02-18
|y 1HOUR
|x Requisitioned by Dr. Md. Ashraful Alam for the course named- "Computer Vision : Fundamentals and Applications 7XX : Advanced Computer Vision (CSE 463)".
|